000 00572nam a22001937a 4500
999 _c21489
_d21489
003 OSt
005 20210609151746.0
008 170130b xxu||||| |||| 00| 0 eng d
020 _a0823021211
040 _aMMU
_beng
_cMMU
_dMMU
050 _aZ286. D47W5 1988
100 _aWhite V. Jan
245 _aGraphic design for the electronic age:
_bThe manual for traditional and desktop publishing /
260 _aNew york:
_bWatson-Guptill publications,
_c1988.
300 _axi, 211. :
_bill. ;
500 _aIncludes index
650 _aElectronic
942 _2lcc
_cLOAN LOAN